000 00366nam a22001457a 4500
008 250310b |||||||| |||| 00| 0 eng d
020 _a0273658042
050 _aHD30.4
_b.S38
100 _aSAUNDERS, Mark
245 _aResearch Method for Business Studednt
250 _a3rd
260 _aU.K
_bPearson Education Limited
_c1997
300 _aXIV, 504P.
942 _cBK
999 _c2191
_d2191